MDQL
is popping MORE tags! Check the
thread
!
Quizzes
Events
Quiz Creation
Community
Videos
Private Events
Remove Ads
Sign In
Join for FREE
Feedback
Dark Mode
Quiz Categories
Sports
Geography
Music
Movies
Television
Just For Fun
Miscellaneous
History
Literature
Language
Science
Gaming
Entertainment
Religion
Holiday
For Kids
Quiz Lab
Recent
Popular Today
Quiz Kudos Today
Editor Picks
Curator Picks
Quizzes by...
Day
Popularity
Type
Ratings
Length
Year
Community
Subscriptions
Recent Discussions
Orange Saloon
Badges
Playlists
Quests
Create
Leaderboards
Showdown
Live 5
Trivia Bingo
Activity
Puzzle Library
Sporcle Events
Private Events
Virtual Trivia
Globe League
Become a Host
Pub Owners
SporcleCon
Opinionation
Our Games
Videos
Blog
Mobile Apps
Partnerships
Remove Ads and Go Orange
Feedback
Television
TV Characters
TV Show
Sitcom
Network
Friends
Reality Shows
Cast
South Park
Star Trek
The Simpsons
Doctor Who
Television
TV Characters
TV Show
Sitcom
Network
Friends
Reality Shows
Cast
South Park
Star Trek
The Simpsons
Doctor Who
Random Quiz
Search Sporcle
×
Quiz Lab
Quiz Lab
Television
Type in answers that appear in a list
Type in answers that appear in a list
Classic
Best Score? Go Orange.
Super Sentai Senshi Stats
Can you name the Super Sentai Senshi?
By
jedahcrow
20m
209 Questions
1,607 Plays
1,607 Plays
1,607 Plays
Comments
Comments
Give Quiz Kudos
Give Quiz Kudos
-
- Ratings
hide this ad
More Info
Replay
Link that replays current quiz
Next Quiz
Link to next quiz in quiz playlist
You Got
0%
They Got
Avg Score
58%
Avg Friend Score
Upgrade to see
Score Distribution
Jump to the score distribution portion of the page
Score
0/209
Timer
20:00
1
Play Today
% Correct
Aka Ranger
91%
Momo Ranger
82.7%
Gokai Red
81.9%
Ki Ranger
81.8%
Gokai Blue
81%
Gokai Yellow
81%
Gokai Green
81%
Gokai Pink
81%
Gokai Silver
80%
Battle Japan
79.4%
Mido Ranger
78.8%
Big One
78.8%
Denji Red
78.4%
Red Buster
78.1%
Spade Ace
78%
Denji Blue
77.4%
Blue Buster
77.1%
Yellow Buster
77.1%
Miss America
76.9%
Denji Green
76.4%
Dyna Red
76.4%
Denji Yellow
76.4%
Denji Pink
76.2%
Goggle Red
75.7%
Battle Kenya
75.3%
Dyna Blue
75%
Heart Queen
74.9%
Battle France
74.8%
Dyna Pink
74.7%
Dyna Yellow
74.4%
Dyna Black
74.4%
Goggle Black
74.3%
Goggle Blue
74%
Goggle Pink
73.5%
Goggle Yellow
73.5%
Dia Jack
73.4%
Vul Eagle
73.2%
Clover King
72.3%
Red Mask
71.7%
Akiba Red
71.4%
Akiba Blue
71.4%
Akiba Yellow
71.4%
Battle Cossack
71.4%
Vul Shark
71.4%
Red One
70.8%
Red Flash
70.8%
Vul Panther
70.5%
Stag Buster
70.5%
Blue Mask
70.4%
Black Mask
69.7%
Yellow Mask
69.6%
Green Flash
69.4%
Pink Mask
69.3%
Blue Flash
69.2%
Pink Flash
69%
Blue Three
68.8%
Five Red
68.7%
Yellow Flash
68.7%
Beet Buster
68.6%
Green Two
68.4%
Yellow Four
68.4%
Ao Ranger
68.3%
Pink Five
68.2%
Change Dragon
68.1%
Tyrano Ranger
68.1%
Oh Red
67.9%
Red Turbo
67.7%
Five Blue
67%
Five Black
67%
Five Yellow
66.9%
% Correct
Mega Red
66.7%
Five Pink
66.5%
Red Falcon
66%
Blue Turbo
66%
Oh Green
65.8%
Oh Pink
65.7%
Black Turbo
65.6%
Oh Yellow
65.5%
Ginga Red
65.5%
Oh Blue
65.4%
Yellow Turbo
65.3%
Pink Turbo
65.3%
Red Hawk
65.3%
Change Mermaid
65.2%
Mammoth Ranger
65.1%
Time Red
65.1%
Gao Red
65%
Dragon Ranger
64.9%
Aka Red
64.8%
Mega Blue
64.6%
Red Racer
64.4%
Ninja Red
64.4%
Mega Black
64.4%
Mega Yellow
64.2%
Mega Pink
64.1%
Ryu Ranger
64%
Ptera Ranger
63.7%
Ginga Blue
63.7%
Tiger Ranger
63.7%
Black Condor
63.5%
Tricera Ranger
63.5%
Blue Dolphin
63.4%
Ginga Green
63.4%
Time Blue
63.3%
Ginga Yellow
63.2%
Go Red
63.2%
Gao Blue
63.2%
Change Pegasus
63.1%
Ginga Pink
63.1%
Time Yellow
62.9%
Gao Yellow
62.9%
Time Green
62.8%
Gao Black
62.8%
Time Pink
62.7%
Mega Silver
62.6%
Shishi Ranger
62.6%
Ninja White
62.5%
Ninja Blue
62.4%
Gao White
62.3%
Ninja Black
62.2%
Blue Racer
62.2%
Change Phoenix
62.1%
White Swan
62.1%
Ninja Yellow
62%
Yellow Lion
61.8%
Green Racer
61.7%
Yellow Racer
61.6%
Yellow Owl
61.6%
Hurricane Red
61.6%
Pink Racer
61.5%
Aba Red
61.5%
Deka Red
61.5%
Go Blue
61.2%
Go Green
61.2%
Gao Silver
61.2%
Go Yellow
61%
Go Pink
60.8%
Time Fire
60.5%
Black Bison
60.3%
Hurricane Blue
60.3%
% Correct
Green Rhino
60.2%
Blue Swallow
60.1%
Change Griffon
60.1%
Hurricane Yellow
60%
King Ranger
59.8%
Deka Blue
59.7%
Magi Red
59.6%
Deka Pink
59.5%
Deka Yellow
59.4%
Deka Green
59.3%
Tenma Ranger
58.9%
Kiba Ranger
58.4%
Magi Blue
58%
Geki Red
58%
Bouken Red
57.9%
Abare Blue
57.6%
Magi Pink
57.6%
Magi Yellow
57.4%
Ninja Man
57.3%
Deka Master
57.2%
Abare Yellow
57.1%
Magi Green
57%
Abare Black
56.9%
Abare Killer
56.9%
Shinken Red
56.8%
Go-On Red
56.7%
X-1 Mask
56.4%
Bouken Blue
56.3%
Bouken Black
56.3%
Geki Blue
56.2%
Bouken Pink
56.1%
Bouken Yellow
56%
Geki Yellow
55.9%
Deka Swan
55.8%
Gosei Red
55.6%
Go-On Blue
55%
Go-On Yellow
55%
Deka Break
54.9%
Bouken Silver
54.8%
Go-On Green
54.8%
Magi Mother
54.6%
Shinken Blue
54.6%
Go-On Gold
54.6%
Go-On Black
54.5%
Shinken Green
54.2%
Shinken Pink
54%
Shinken Gold
54%
Go-On Silver
53.8%
Shinken Yellow
53.8%
Gosei Blue
53.8%
Gosei Black
53.4%
Gosei Yellow
53.3%
Gosei Pink
53.2%
Geki Violet
53.1%
Houou Ranger
52.7%
Signal Man
52.5%
Gosei Knight
52.5%
Magi Shine
51.4%
Shurikenger
50.9%
Geki Chopper
50.1%
Zubaan
49.5%
Wolzard Fire
47.3%
Deka Bright
46.7%
Kurojishi Lio
44.7%
Jyujin Mele
44.3%
Kurokishi Bullblack
44.2%
Kabutoraiga
39.6%
Kirin Ranger
38.1%
Kuwagaraiga
36.3%
Quiz Playlist
Details
Report
Send in Message
Add To Playlist
More Info:
Only Rangers/Senshi that have appeared on television. No movie-only or manga-only characters.
Classic:
Type in answers that appear in a list
Last Updated: Mar 8, 2023
Quiz Scoreboard
CHALLENGE
Sign Up to Join the Scoreboard
Show All
Scores
Hide
Comments
May contain spoilers
Recently Published
Street Fighter Characters
by Artimus82
Gaming
60s
9x9 Crossword: Cartoon Network
by jackfrog10
Miscellaneous
3m
College Basketball Coaching Resumes
by pancakes188
Sports
9m
More to Explore
Quiz From the Vault
Featured Blog Post
Where Did the Easter Bunny Come From?
hide this ad
You Might Also Like...
Tags
This quiz does not have any tags.
Today's Top Quizzes in Television
Browse Television
hide this ad
Top Contributed Quizzes in Television
1
5-to-1: The Simpsons Families
2
Adjectives in 80s TV Shows
3
Adjectives in 00s TV Shows
4
Survivor Journey Challenge
5
5-to-1: Television Doctors
6
7-to-1: TV Show Settings
7
Adjectives in 10s TV Shows
8
5-to-1: Streaming Originals
9
Survivor Seasons
10
Adjectives in 70s TV Shows
Explore More
Trending Topics
Anime
Harry Potter
Crossword
Marvel
Disney
Kpop
NBA
Pokémon
Country
Soccer
Song
Puzzle
The Office
WWE
NFL
hide this ad
More By:
jedahcrow
Quiz
Plays
Rating
Category
Featured
Created
Naruto Villains
2,892
3.20
Entertainment
Jun 25, 2010
Super Sentai Senshi
1,607
4.60
Television
Mar 10, 2010
Unique Power Rangers Series Match-Up
29
5.00
Television
Feb 26, 2024
Kelson Henderson's Many Roles on Power Rangers
6
5.00
Television
Mar 7, 2024
Go to Creator's Profile
Score Distribution
Quiz Creator Spotlight
jedahcrow
Follow
Send a Message
Quizzes Created
-
Created Quiz Play Count
-
More By This Creator
Popular Quizzes Today
1
Find the US States - No Outlines Minefield
2
Find the Countries of Europe - No Outlines Minefield
3
The Countries of the World
4
Find the US States
5
Risky Map Clicking: Biggest States A-Z
6
US States
7
Popular People in 1961
8
Movies - When Are They Set?
More Television Quizzes
LOST: Dharma Stations
Published
Trending Quizzes
Risky Map Clicking: Least Populous States A-Z
Billboard Blitz: Aretha Franklin
Famous Russians: Author or Composer?
1-10 Letter G Words
Countries of the World: 200 Million BC
Recently Updated
Leaping Animals
pecheneg
Reality TV Shows (A-Z)
bhenderson79
Rickey Henderson's Hall of Fame Teammates
pecheneg
Champions League XIs: Arsenal
pecheneg
Quick Pick: Celebrities in WWE's Hall of Fame
aduchscher
A-Z Keypad Blitz II
pecheneg
Multiple Oscar Actors
pecheneg
Mystery Phrase Blitz: Oscar 'Best Actors'
pecheneg
F. Scott Fitzgerald Novels
LTH
Pick 3 Villains
ddd62291
Trending Topics
Crossword
Harry Potter
NBA
Kpop
Anime
Marvel
Disney
WWE
Pokémon
Soccer
Song
NFL
Country
Puzzle
The Office
Your Account Isn't Verified!
In order to create a playlist on Sporcle, you need to verify the email address you used during registration. Go to your
Sporcle Settings
to finish the process.
Report this User
Report this user for behavior that violates our
Community Guidelines
.
Details:
Send Report
Go to the Sporcle.com Mobile Site →
Comments